000
00287cam a22001097a 4500
008
180718b1955 xxu||||| |||| 00| 0 eng d
082
_a
A99 Sh63
100
_a
Shinwell, Emanuel
245
_a
Conflict without malice
_c
by Emanuel Shinwell
260
_a
London
_b
Odhams
_c
1955
300
_a
252p
999
_c
416001
_d
416001